| 000 | 01626nam1a2200325 i 4500 | ||
|---|---|---|---|
| 001 | RU\NLR\BIBL_A\012165840 | ||
| 005 | 20260407071737.0 | ||
| 035 | _a(NLR Aleph) 012165840 | ||
| 090 |
_a12214827 _c12214827 |
||
| 100 | _a20191126g2019 u||y0rusy50 ca | ||
| 101 | 0 | _arus | |
| 102 | _aRU | ||
| 105 | _a a z | ||
| 106 | _as | ||
| 200 | 1 |
_aБиблиография русской библиографии _bЭлектронный ресурс _eуказатель библиографических пособий _fРоссийская национальная библиотека _g[сост.: С. Н. Котломанова (отв. сост.) и др. _gавт. предисл. и науч. ред. Г. В. Михеева] |
|
| 205 | _aЭлектрон. версия | ||
| 210 |
_aСанкт-Петербург _c[б. и.] _d2019 |
||
| 230 | _aЭлектрон. дан. | ||
| 300 | _aЗагл. с титул. экрана | ||
| 337 | _aРесурс доступен в Электронной библиотеке РНБ | ||
| 606 | 1 |
_aБиблиография библиографии _jУказатели _yРСФСР _92432652 _3RU\NLR\AUTH\6601666001 |
|
| 686 | 0 | _aЯ101(2Р) | |
| 702 | 1 |
_aКотломанова _bС. Н. _4220 |
|
| 702 | 1 |
_4340 _8rus _7ca _aМихеева _bГ.В. _f1950- _gГалина Васильевна _3RU\NLR\AUTH\7715898 _9125545 |
|
| 712 | 0 | 2 |
_4570 _aРоссийская национальная библиотека _cСанкт-Петербург _3RU\NLR\AUTH\88593 _9272031 |
| 852 |
_aNLR _jЭБ |
||
| 942 | _cBOOK | ||